| 000 | 00679cab a2200169 4500 | ||
|---|---|---|---|
| 001 | L130052 | ||
| 008 | 050617n2005 000 0 eng u | ||
| 035 | _a(Sirsi) u130052 | ||
| 041 | _aeng | ||
| 245 | _aEuropean property fund management | ||
| 260 | _c2005 | ||
| 490 |
_aEuroProperty _vMay 2005 (22) (LOAN) |
||
| 520 | _aSeries of articles on property management in Europe, looking at market growth, pan-European funds, Europroperty's annual fund managers survey, fee structures, alternative funds, what investors want and the future for the market. | ||
| 590 | _aIKA210605 | ||
| 690 | _aPROPERTY-PROPERTY FINANCE AND INVESTMENT-PROPERTY INVESTMENT MANAGEMENT | ||
| 942 | _n0 | ||
| 999 |
_c75423 _d75423 |
||